The aims and methods of a liberal education for Africans : (Record no. 124228)
[ view plain ]
| 000 -LEADER | |
|---|---|
| fixed length control field | 00859cam a2200265Ii 4500 |
| 001 - CONTROL NUMBER | |
| control field | 4658041 |
| 003 - CONTROL NUMBER IDENTIFIER | |
| control field | ARRUPE |
| 005 - DATE AND TIME OF LATEST TRANSACTION | |
| control field | 20160229104243.0 |
| 008 - FIXED-LENGTH DATA ELEMENTS--GENERAL INFORMATION | |
| fixed length control field | 771117s1882 mau 000 0 eng |
| 010 ## - LIBRARY OF CONGRESS CONTROL NUMBER | |
| LC control number | 07042223 |
| 035 ## - SYSTEM CONTROL NUMBER | |
| System control number | (OCoLC)ocm03427465 |
| 035 ## - SYSTEM CONTROL NUMBER | |
| System control number | (NNC)4658041 |
| 040 ## - CATALOGING SOURCE | |
| Original cataloging agency | DLC |
| Transcribing agency | PKT |
| Modifying agency | PKT |
| 050 0# - LIBRARY OF CONGRESS CALL NUMBER | |
| Classification number | LC2781 |
| Item number | .B5 |
| 098 ## - OTHER CLASSIFICATION SCHEMES (OCLC) | |
| Call number based on other classification scheme | TH4 |
| 300 ## - PHYSICAL DESCRIPTION | |
| Dimensions | 23 cm. |
| 100 1# - MAIN ENTRY--PERSONAL NAME | |
| Personal name | Blyden, Edward Wilmot, |
| Dates associated with a name | 1832-1912. |
| 9 (RLIN) | 22511 |
| 245 14 - TITLE STATEMENT | |
| Title | The aims and methods of a liberal education for Africans : |
| Remainder of title | inaugural address / |
| Statement of responsibility, etc | delivered by Edward Wilmot Blyden, LL.D., President of Liberia College, January 5, 1881. |
| 260 ## - PUBLICATION, DISTRIBUTION, ETC. (IMPRINT) | |
| Name of publisher, distributor, etc | Forgotten Books |
| Date of publication, distribution, etc | 2012 |
| 300 ## - PHYSICAL DESCRIPTION | |
| Extent | 30 p. ; |
| 440 ## - SERIES STATEMENT/ADDED ENTRY--TITLE | |
| Title | The Classic Reprint Series |
| 9 (RLIN) | 22539 |
| 500 ## - GENERAL NOTE | |
| General note | Published originally in 1882 |
| 650 #0 - SUBJECT ADDED ENTRY--TOPICAL TERM | |
| Topical term or geographic name as entry element | African Americans |
| General subdivision | Education. |
| 9 (RLIN) | 22512 |
| 942 ## - ADDED ENTRY ELEMENTS (KOHA) | |
| Source of classification or shelving scheme | Library of Congress Classification |
| Koha item type | Monograph ( Printed materials) |
| Withdrawn status | Lost status | Source of classification or shelving scheme | Damaged status | Not for loan | Collection code | Home library | Current library | Shelving location | Date acquired | Total Checkouts | Full call number | Barcode | Date last seen | Date checked out | Price effective from | Koha item type |
|---|---|---|---|---|---|---|---|---|---|---|---|---|---|---|---|---|
| Library of Congress Classification | Main Collection | ARRUPE LIBRARY | ARRUPE LIBRARY | Main Collection | 26/02/2016 | 1 | LC2781.B5 | 46500006768 | 28/06/2018 | 08/12/2016 | 26/02/2016 | Monograph ( Printed materials) |